LEADER 01013nam0-2200349---450- 001 990005651830403321 005 20100629145556.0 035 $a000565183 035 $aFED01000565183 035 $a(Aleph)000565183FED01 035 $a000565183 100 $a19990604d1938----km-y0itay50------ba 101 0 $aita 102 $aIT 105 $ay-------001yy 200 1 $a<>filosofia contemporanea in Italia$fMichele Federico Sciacca 210 $aRoma$cLibr. Ed. Francesco Perrella$d1938 215 $av.$d26 cm 225 1 $aBiblioteca di filosofia$fdiretta da Antonio Aliotta 327 0 $a1.1: L'idealismo critico 610 0 $aItalia$aFilosofia 610 0 $aIdealismo 676 $a195 676 $a141 700 1$aSciacca,$bMichele Federico$0159046 801 0$aIT$bUNINA$gREICAT$2UNIMARC 901 $aBK 912 $a990005651830403321 952 $aP.1 FG 1972 (1; 1)$bIST.ST.FIL. 721$fFLFBC 959 $aFLFBC 996 $aFilosofia contemporanea in Italia$9605776 997 $aUNINA LEADER 01687nam 2200409Ia 450 001 996390944203316 005 20200824132051.0 035 $a(CKB)1000000000653990 035 $a(EEBO)2240895259 035 $a(OCoLC)ocm13768019e 035 $a(OCoLC)13768019 035 $a(EXLCZ)991000000000653990 100 $a19860623d1691 uy | 101 0 $aeng 135 $aurbn||||a|bb| 200 02$aA Narrative of the proceedings of Sir Edmond Androsse and his complices, who acted by an illegal and arbitrary commission from the late K. James, during his government in New England$b[electronic resource] /$fby several gentlemen who were of his council 210 $a[Boston$cs.n.]$d1691 215 $a12 p 300 $aSigned on p. 12: William Stoughton, Thomas Hinckley, Wart. Winthrop, Barthol. Gedney, Samuel Shrimpton. 300 $aSometimes also ascribed to Increase Mather. Cf. Evans 572. 300 $aPlace of publication from Wing. 300 $aReproduction of original in Huntington Library. 330 $aeebo-0113 607 $aBoston (Mass.)$xHistory$yColonial period, ca. 1600-1775 607 $aMassachusetts$xHistory$yColonial period, ca. 1600-1775 701 $aStoughton$b William$f1632-1701.$01003158 701 $aMather$b Increase$f1639-1723.$0790750 801 0$bEAA 801 1$bEAA 801 2$bm/c 801 2$bEAA 801 2$bUMI 801 2$bWaOLN 906 $aBOOK 912 $a996390944203316 996 $aA Narrative of the proceedings of Sir Edmond Androsse and his complices, who acted by an illegal and arbitrary commission from the late K. James, during his government in New England$92417629 997 $aUNISA